000 00293nam a22001337a 4500
008 170612b xxu||||| |||| 00| 0 eng d
020 _a9780807827376
041 _aeng
080 _a94(7/8)
100 _a19
101 _aSHP
245 _aAMERICAN ORIENTALISM
_cLITTLE, D
942 _2udc
_cBK
999 _c17016
_d17016